000
00278nam a22001217a 4500
082
_a
540
_b
KUM/C
100
_a
CHANDANA KUMAR
245
_a
CHEMISTRY
_b
FOR CLASS XII
260
_a
DELHI
_b
FULLMARKS PVT LTD
300
_a
492
650
_a
CHEMISTRY FOR CLASS XII
_z
INDIA
942
_c
BK
999
_c
690
_d
690